Kingdoms in Conflict (Record no. 2730)

MARC details
000 -LEADER
fixed length control field 00415nam a2200157Ia 4500
008 - FIXED-LENGTH DATA ELEMENTS--GENERAL INFORMATION
fixed length control field 230312s9999||||xx |||||||||||||| ||und||
020 ## - INTERNATIONAL STANDARD BOOK NUMBER
International Standard Book Number 0-688-07349-2
082 ## - DEWEY DECIMAL CLASSIFICATION NUMBER
Classification number 261.7
Item number COL-K
100 ## - MAIN ENTRY--PERSONAL NAME
Personal name Charles Colson
245 #0 - TITLE STATEMENT
Title Kingdoms in Conflict
260 ## - PUBLICATION, DISTRIBUTION, ETC.
Name of publisher, distributor, etc. Zondervan Publishing House
Place of publication, distribution, etc. USA
Date of publication, distribution, etc. 1987
300 ## - PHYSICAL DESCRIPTION
Extent 399
546 ## - LANGUAGE NOTE
Language note Eng.
650 ## - SUBJECT ADDED ENTRY--TOPICAL TERM
Topical term or geographic name entry element Management
Form subdivision Need for Kingdom , Arrival of Kingdom
942 ## - ADDED ENTRY ELEMENTS (KOHA)
Koha item type BOOK

No items available.

Powered by Koha